000 00552nam a2200169 a 4500
001 000030056
005 20200930060016.0
008 110428s1983 dr ac 000 0 spa d
040 _aDO-SdBNP
_bspa
_cBNPHU
082 _axxx
_bP438g
100 1 _aPérez Abreu, Aridio
_956761
245 1 0 _aGuía técnica sobre el cultivo del maíz /
_cAridio Pérez Mario.
260 _aSantigo, República Dominicana :
_bSecretaría de Estado de Agricultura,
_c1983.
300 _a42 p. :
_bil ; retrs. ;
_c21 cm.
504 _aBibliografías p. 41-42
049 _aBNPD
999 _c29548
_d29548